000
00235 a2200097 4500
100
_a
Selby, S M
245
_a
Standard Mathematical tables
260
_a
_b
Chemical Rubber Co
_c
1968
090
_c
15067
_d
15067
942
_a
NUST-CAE
_c
M
_c
5633
999
_c
377571
_d
377571